Código de Justicia Militar: anotaciones y concordancias, índice temático, titulos de artículos del cuerpo del código y de las normas del apéndice

-д хадгалсан:
Номзүйн дэлгэрэнгүй
Байгууллагын зохиогч: Chile
Бусад зохиолчид: Rivera Castro, Juan Francisco (Захирал)
Формат: Ном
Хэл сонгох:испани
Хэвлэсэн: Santiago, Chile: Legal Publishing; Thomson Reuters, 2017
Хэвлэл:Decimoséptima Edición.
Цуврал:Colección de Códigos 2017
Нөхцлүүд:
Шошгууд: Шошго нэмэх
Шошго байхгүй, Энэхүү баримтыг шошголох эхний хүн болох!

MARC

LEADER 00000cam a2200000 a 4500
001 UCD7659
003 CL-VaPUC
005 20250131101844.0
008 170331e20170100cl |||||||||||||||||spa|d
999 |c 367627  |d 367625 
020 |a 9789563468564 
040 |c Pontificia Universidad Católica de Valparaíso 
082 0 4 |a 343.8301026 CHI 2017  |2 21 
110 1 |a Chile  |9 890760 
245 1 0 |a Código de Justicia Militar: anotaciones y concordancias, índice temático, titulos de artículos del cuerpo del código y de las normas del apéndice 
250 |a Decimoséptima Edición.  |b Actualizada al 9 de enero de 2017. 
260 |a Santiago, Chile:  |b Legal Publishing;  |b Thomson Reuters,  |c 2017 
300 |a 427 páginas 
490 0 |a Colección de Códigos 2017 
505 |a -Decreto Aprobatorio N.º 2. 2226, de 1944. -Libro Primero. De los Tribunales Militares. -Libro Segundo. Del Procedimiento. -Libro Tercero. De la Penalidad. -Libro Cuarto. Otras Disposiciones. Apéndice: -Decreto Supremo N.º 87. Establece Territorio Jurisdiccional a Juzgados Militares y Fiscalías Militares Letradas Dependientes, crea Fiscalías Militares Letradas que indica y suprime. Fiscalía Militar Letrada de Puerto Montt (D.O. de 4 de septiembre de 2003). -Decreto Supremo N.º 890. Fija texto actualizado de la Ley N.º 12.927, sobre Seguridad del Estado. (D.O. de 26 de agosto de 1975). -Decreto Supremo N.º 400. Fija texto refundido, coordinado y sistematizado de la Ley N.º 17.798, sobre Control de Armas. (D.O. de 12 de septiembre de 1978) -Decreto Ley N.º 2.306. Dicta normas sobre reclutamiento y movilización de las Fuerzas Armadas. (D.O. de 12 de septiembre de 1978) -Decreto Supremo N.º 2.462 exento. Fija tasas de derechos a solicitudes y actuaciones de Decreto N.º 2.306, de 1978, sobre reclutamiento y movilización de las Fuerzas Armadas. (D.O. de 4 de noviembre de 2011) -Ley N.º 18.953. Dicta normas sobre movilización. (D.O. de 9 de marzo de 1990) -Decreto Ley N.º 2.191. Concede amnistía a las personas que indica por los delitos que señala (D. O .de 19 de abril de 1978) -Decreto Supremo N.º 1.445. Reglamento de Disciplina para las Fuerzas Armadas. -Decreto Supremo N.º 1.232. Reglamento de Disciplina de la Armada. -Ley N.º 18.961. Ley Orgánica Constitucional de Carabineros de Chile. (D.O. de 7 de marzo de 1990) -Decreto Supremo N.º 900. Reglamento de Disciplina de Carabineros de Chile, N.º 11. (D.O. de 17 de julio de 1967) -Ley N.º 18.948. Ley Orgánica Constitucional de las Fuerzas Armadas. (D.O. de 27 de febrero de 1990) -Ley N.º 20.357. Tipifica crímenes de lesa humanidad y genocidio y crímenes y delitos de guerra. (D.O. de 18 de julio de 2009) -Ley N.º 20.424. Estatuto Orgánico del Ministerio de Defensa Nacional (D.O. de 4 de febrero de 2010) -Ley N.º 20.477. Modifica Competencia de Tribunales Militares. (D.O. de 30 de diciembre de 2010) 
583 |a last modification  |c 20170331 00:58:00  |k Rodrigo Vera 
650 1 |a Derecho militar  |9 255065 
650 1 |a Justicia Militar  |9 894470 
650 1 |a Tribunales militares  |9 328495 
650 1 |a Fuerzas Armadas  |9 894471 
650 1 |a Derecho penal militar  |9 337951 
700 |a Rivera Castro, Juan Francisco  |e director  |9 814194 
942 |c BK  |2 ddc 
945 |d 20170331 00:58:00  |a arojas 
952 |0 0  |1 0  |3 erb  |4 0  |6 343_830102600000000_CHI_2017  |7 0  |8 R  |9 482622  |a BIBDER  |b BIBDER  |i 5371317  |l 1  |o 343.8301026 CHI 2017  |p 5371317  |r 2023-01-25  |s 2022-03-22  |w 2019-11-24  |y BK_R  |z Catalogado en:20170331  |k DER